[Event "DOM-ch"]
[Site "Santo Domingo"]
[Date "2016.04.08"]
[Round "5"]
[White "Payan del Rio, Luis Horacio"]
[Black "Reyes Capellan, Elby"]
[Result "0-1"]
[WhiteElo "1658"]
[BlackElo "2017"]
[PlyCount "76"]
[EventDate "2016.04.01"]
[EventType "swiss"]
[EventRounds "11"]
[EventCountry "DOM"]
[SourceTitle "CBM 171 Extra"]
[Source "ChessBase"]
[SourceDate "2016.04.26"]
[SourceVersion "1"]
[SourceVersionDate "2016.04.26"]
[SourceQuality "1"]

1. d4 d5 2. c4 e6 3. Nc3 Nf6 4. Bg5 Nbd7 5. Qc2 c6 6. c5 e5 7. e3 Be7 8. Be2 0-0 9. Nf3 e4 10. Nd2 b6 11. b4 a5 12. a3 axb4 13. Na4 b5 14. Nb6 Nxb6 15. cxb6 Qxb6 16. 0-0 bxa3 17. Rfc1 Bd7 18. Nb3 Rfc8 19. Bf4 Be6 20. Nc5 Bxc5 21. dxc5 Qb7 22. Rcb1 d4 23. exd4 Bd5 24. Be5 Qe7 25. Qc3 a2 26. Rb2 Qe6 27. f3 exf3 28. Bxf3 Ra4 29. Rf2 Ne4 30. Bxe4 Bxe4 31. Qd2 f6 32. Bd6 Bb1 33. Re2 Qd5 34. Qe1 Qxd4+ 35. Kh1 h6 36. Re7 Qxa1 37. h3 Kh7 38. Qe6 Bf5+ 0-1